Kõrvalhaak ; Toalahing
| Titel: | Kõrvalhaak ; Toalahing : dialoogid / Martin Walser ; saksa keelest tõlkinud [ja järelsõna:] T. Kokla |
|---|---|
| Verfasser: | |
| Beteiligt: | |
| Veröffentlicht: | Tallinn : Perioodika, 1978 |
| Umfang: | 126 Seiten |
| Format: | Buch |
| Sprache: | Estnisch |
| Schriftenreihe/ mehrbändiges Werk: |
Loomingu raamatukogu ; 1978, 46/47 (1094/1095) |
| Einheitssachtitel: | Der Abstecher ; Die Zimmerschlacht |
X
alg: 42746681 001A $03004:13-03-18 001B $01999:15-12-25 $t17:38:13.000 001D $03004:13-03-18 001U $0utf8 001X $00 002@ $0Aau 002C $aText $btxt $2rdacontent 002D $aohne Hilfsmittel zu benutzen $bn $2rdamedia 002E $aBand $bnc $2rdacarrier 003@ $0427466814 003O $01028548170 $aOCoLC 007A $0427466814 $aHEB 010@ $aest 010E $erda 011@ $a1978 013D $71071854844 $8Fiktionale Darstellung [Tsz] $9359645615 021A $aKõrvalhaak ; Toalahing $ddialoogid $hMartin Walser ; saksa keelest tõlkinud [ja järelsõna:] T. Kokla 022A $aDer @Abstecher ; Die Zimmerschlacht 028A $BVerfasser $RPulver, Corinne $RWalser, Franziska $RNeuner-Jehle, Käthe $#Walser, Martin $#Fālsir, Mārtīn $#Fālzir, Mārtīn $#Balser, Martin $#Balzer, Martin $#Palchŏ, Mat'in $#Valzer, Martin $#Valzers, Mārtins $#Walser, Martin Johannes $#Mading-Wa'erze $#Ma ting Wa se $#Mating-Wase $#Wa'erze, Mading $#Ma ding Wa er ze $#Mading-Waerze $#Waerze, Mading $#Walser, Martin Johannes $#발저, 마르틴 $#マルティン・ヴァルザー $#瓦瑟, 馬丁 $#馬丁·瓦瑟 $#瓦尔泽, 马丁 $#马丁・瓦尔泽 $4aut $7118628852 $8Walser, Martin$Z1927-2023 [Tp1] $908696979X 028C $BÜbersetzer $4trl $4Verfasser eines Nachworts $4waw $71020255307 $8Kokla, Tiiu$Z1932- [Tp3] $9290616093 033A $pTallinn $nPerioodika 034D $a126 Seiten 036E $aLoomingu raamatukogu $l1978, 46/47 (1094/1095) 044K $RPulver, Corinne $RWalser, Franziska $RNeuner-Jehle, Käthe $#Walser, Martin $#Fālsir, Mārtīn $#Fālzir, Mārtīn $#Balser, Martin $#Balzer, Martin $#Palchŏ, Mat'in $#Valzer, Martin $#Valzers, Mārtins $#Walser, Martin Johannes $#Mading-Wa'erze $#Ma ting Wa se $#Mating-Wase $#Wa'erze, Mading $#Ma ding Wa er ze $#Mading-Waerze $#Waerze, Mading $#Walser, Martin Johannes $#발저, 마르틴 $#マルティン・ヴァルザー $#瓦瑟, 馬丁 $#馬丁·瓦瑟 $#瓦尔泽, 马丁 $#马丁・瓦尔泽 $7118628852 $8Walser, Martin$Z1927-2023 [Tp1] $908696979X 044K $RDas @Dramatische $RSprechtheater $RBühnenwerk $#Drama $#Drama History and criticism $#Théâtre (genre littéraire) $#Teatro (Género literario) $#Drama $#Drama $#Dramatik $#Schauspiel $#Theaterstück Sachschlagwort $#Dramen $#Dramatisches Werk $74012899-4 $8Drama [Tsz] $9085028231 lok: 42746681 24 exp: 42746681 24 1 #EPN 201B/01 $014-03-18 $t11:12:01.000 201C/01 $013-03-18 201U/01 $0utf8 203@/01 $01019704179 208@/01 $a13-03-18 $bz 209A/01 $a18.01551 $du $f050 $h18 01551 $x00 209A/01 $aWidmung von T. Kolk an Prof. Scholz $x01 209C/01 $a18.01551 G $h18 01551 G 209G/01 $a74011993 $x00 220C/01 $akoe 237A/01 $aWidmung 247C/01 $8358050-7Marburg, Bibliothek des Herder-Instituts Marburg $9102600961
| LEADER | 00000cam a2200000 c 4500 | ||
|---|---|---|---|
| 001 | 427466814 | ||
| 003 | DE-603 | ||
| 005 | 20251215173813.0 | ||
| 007 | tu | ||
| 008 | 180313s1978 xx |||| | u00||u|est c | ||
| 035 | |a (DE-599)HEB427466814 | ||
| 035 | |a (OCoLC)1028548170 | ||
| 040 | |a DE-603 |b ger |c DE-603 |d DE-603 |e rda | ||
| 041 | |a est | ||
| 100 | 1 | |a Walser, Martin |d 1927-2023 |e Verfasser |4 aut |0 (DE-603)08696979X |0 (DE-588)118628852 |2 gnd | |
| 240 | 1 | 0 | |a Der Abstecher ; Die Zimmerschlacht |
| 245 | 0 | 0 | |a Kõrvalhaak ; Toalahing |b dialoogid |c Martin Walser ; saksa keelest tõlkinud [ja järelsõna:] T. Kokla |
| 264 | 1 | |a Tallinn |b Perioodika |c 1978 | |
| 300 | |a 126 Seiten | ||
| 336 | |a Text |b txt |2 rdacontent | ||
| 337 | |a ohne Hilfsmittel zu benutzen |b n |2 rdamedia | ||
| 338 | |a Band |b nc |2 rdacarrier | ||
| 490 | 0 | |a Loomingu raamatukogu |v 1978, 46/47 (1094/1095) | |
| 600 | 1 | 7 | |a Walser, Martin |d 1927-2023 |0 (DE-588)118628852 |0 (DE-603)08696979X |2 gnd |
| 650 | 7 | |a Drama |0 (DE-588)4012899-4 |0 (DE-603)085028231 |2 gnd | |
| 655 | 7 | |a Fiktionale Darstellung |2 gnd-content |0 (DE-588)1071854844 |0 (DE-603)359645615 | |
| 700 | 1 | |a Kokla, Tiiu |d 1932- |e Übersetzer |4 trl |e Verfasser eines Nachworts |4 waw |0 (DE-603)290616093 |0 (DE-588)1020255307 |2 gnd | |
| 924 | 0 | |9 Mb 50 |a (DE-603)1019704179 |b DE-Mb50 |c HES |d c |g 18.01551 | |


